LANGUAGE AND CULTURAL GUIDE TO DOING BUS (Record no. 19083)
[ view plain ]
| 000 -LEADER | |
|---|---|
| fixed length control field | 00359nam a2200133Ia 4500 |
| 008 - FIXED-LENGTH DATA ELEMENTS--GENERAL INFORMATION | |
| fixed length control field | 240624s9999 xx 000 0 und d |
| 041 ## - LANGUAGE CODE | |
| Language code of text/sound track or separate title | eng |
| 082 ## - DEWEY DECIMAL CLASSIFICATION NUMBER | |
| Classification number | 658.8 JHA |
| 100 ## - MAIN ENTRY--PERSONAL NAME | |
| Personal name | JHANGIANI RITA |
| 245 ## - TITLE STATEMENT | |
| Title | LANGUAGE AND CULTURAL GUIDE TO DOING BUS |
| 260 ## - PUBLICATION, DISTRIBUTION, ETC. | |
| Date of publication, distribution, etc. | 1999 |
| Place of publication, distribution, etc. | Mumbai |
| Name of publisher, distributor, etc. | Shroff Publishers & Distributors Pvt. |
| 300 ## - PHYSICAL DESCRIPTION | |
| Extent | Ltd.,1999 |
| 365 ## - TRADE PRICE | |
| Currency code | RS |
| Price amount | 25 |
| Withdrawn status | Lost status | Damaged status | Not for loan | Home library | Current library | Shelving location | Date acquired | Source of acquisition | Cost, normal purchase price | Full call number | Barcode | Date last seen | Copy number | Price effective from | Koha item type |
|---|---|---|---|---|---|---|---|---|---|---|---|---|---|---|---|
| IMTN | IMTN | Rack 32-B | 05/16/2012 | AP | 150.00 | 658.8 JHA | 19083 | 06/24/2024 | 1 | 06/24/2024 | Books |